| 000 | 00717 a2200169 4500 | ||
|---|---|---|---|
| 020 | _a0007154828 | ||
| 040 |
_aDLC _bDLC |
||
| 082 | 0 | 0 | _a823/.912 |
| 100 | 1 | _aChristie, Agatha, | |
| 245 | 1 | 0 |
_aParker Pyne investigates _cAgatha Christie. |
| 260 |
_aLondon: _bHarper Collins, _c1934. |
||
| 300 |
_a268p. ; _c18 cm. |
||
| 500 | _a"Also published as Mr. Parker Pyne, Detective." | ||
| 520 | _aWhen Mrs. Packington's husband begins to keep company with a young office girl, she turns to Parker Pyne, master of the human soul, for help, in the first of several cases that take him from the ancient city of Baghdad to the tombs of the Pharaohs. | ||
| 650 | 0 | _aDetective and mystery stories, English. | |
| 942 |
_cBK _2ddc |
||
| 999 |
_c481813 _d481813 |
||